,,Dowidzenia'' we wszystkich językach Unii Europejskiej - Statystyki

Ogólne statystyki
  • Ten quiz został rozwiązany 23 razy
  • Średni wynik to 3 z 23
Statystyki odpowiedzi
Języki Dowidzenia % Poprawnych
Po polsku Dowidzenia
100%
Po angielsku Goodbye
62%
Po niemiecku Auf Wiedersehen
48%
Po hiszpańsku Adios
33%
Po francusku Au revoir
24%
Po włosku Arrivederci
19%
Po maltańsku Adieu
14%
Po czesku Ahoj
10%
Po rumuńsku La revedere
10%
Po słoweńsku Adijo
5%
Po chorwacku Dovidenja
5%
Po niderlandzku Tot ziens
5%
Po węgiersku Viszontlatasra
5%
Po słowacku Zbohom
5%
Po portugalsku Adeus
0%
Po szwedzku Adjo
0%
Po grecku Antio Sas
0%
Po duńsku Farvel
0%
Po estońsku Huvasti
0%
Po fińsku Hyvasti
0%
Po irlandzku Slan
0%
Po łotewsku Us edzesanos
0%
Po litewsku Viso Gero
0%
Nie znaleziono quizów pasujących do podanych kryteriów
Rozkład punktacji
Procent ludzi z każdym wynikiem
Percentyl według liczby udzielonych odpowiedzi
Twoja historia wyników
Nie rozwiązałeś tego quizu